| 000 | 00842nam a2200217 a 4500 | ||
|---|---|---|---|
| 001 | BRCA_1908 | ||
| 005 | 20190320203610.0 | ||
| 008 | 060608s2005----mx-a---###---#000-0#spa-# | ||
| 020 | _a849563225X | ||
| 050 | 4 |
_aND259.R5 _b.M97 2005 |
|
| 245 | 1 | 0 |
_aDiego Rivera _bOs muros en papel = Diego Rivera : los muros en papel. |
| 260 |
_aPontevedra _bDiputación de Pontevedra : Museo de Pontevedra _c2005 |
||
| 300 |
_a152 p. _bil. (algunas a color) _c28 cm. |
||
| 500 | _aCatálogo de la exposición realizada en el Museo de Pontevedra (España), 2005 | ||
| 546 | _aTexto en : catalán y español | ||
| 600 | 1 | 4 |
_aRivera, Diego _d1886-1957 _vExposiciones _94891 |
| 650 | 1 | 4 |
_apintura mural _ySiglo XX _zMéxico _95079 |
| 650 | 1 | 4 |
_aMurales mexicanos _xApuntes, bocetos, proyectos _95887 |
| 740 | 0 | _aDiego Rivera : los muros en papel | |
| 942 |
_2lcc _cB |
||
| 999 |
_c1680 _d1680 |
||